| 000 | 00360nam a2200121Ia 4500 | ||
|---|---|---|---|
| 008 | 180219s9999 xx 000 0 und d | ||
| 020 | _a9780323328920 | ||
| 100 | _aDoherty, Regina F. | ||
| 245 |
_cPurtilo, Ruth B. _aEthical dimension in the health professions / |
||
| 250 | _a6th ed | ||
| 260 |
_aUSA : _bBook aid international _c2016 |
||
| 300 | _aiv, 440 pages | ||
| 999 |
_c356008 _d356008 |
||